Housing and space management / (Record no. 42049)
[ view plain ]
| 000 -LEADER | |
|---|---|
| fixed length control field | 00808nam a22002177a 4500 |
| 005 - DATE AND TIME OF LATEST TRANSACTION | |
| control field | 20100816103249.0 |
| 010 ## - LCCN (DPL NO) | |
| LC control number | ENG-100379 |
| 020 ## - INTERNATIONAL STANDARD BOOK NUMBER | |
| International Standard Book Number | 9788171640560 |
| Terms of availability | 650.00 |
| 035 ## - SYSTEM CONTROL NUMBER | |
| System control number | EN-83911 |
| 037 ## - SOURCE OF ACQUISITION | |
| Source of stock number/acquisition | DBAD/PUB |
| 082 ## - DEWEY DECIMAL CLASSIFICATION NUMBER | |
| Classification number | 721.84 |
| 100 ## - MAIN ENTRY--PERSONAL NAME | |
| Personal name | Renuka, S. |
| 245 ## - TITLE STATEMENT | |
| Title | Housing and space management / |
| Statement of responsibility, etc | by S. Renuka [and] Mahalakshmi V. Reddy |
| 260 ## - PUBLICATION, DISTRIBUTION, ETC. (IMPRINT) | |
| Place of publication, distribution, etc | New Delhi |
| Name of publisher, distributor, etc | Indian Council of Agricultural Research |
| Date of publication, distribution, etc | 2009 |
| 270 ## - ADDRESS | |
| Address | Krishi Anusandhan Bhavan-I, Pusa |
| City | New Delhi |
| Postal code | 110012 |
| 300 ## - PHYSICAL DESCRIPTION | |
| Extent | xii,382p.: |
| Other physical details | ill. |
| Dimensions | 25cm (Hb) |
| 500 ## - GENERAL NOTE | |
| General note | Includes index |
| 700 ## - ADDED ENTRY--PERSONAL NAME | |
| Personal name | Reddy, Mahalakshmi V. |
| 9 (RLIN) | 13709 |
| 942 ## - ADDED ENTRY ELEMENTS (KOHA) | |
| Source of classification or shelving scheme | Dewey Decimal Classification |
| Item type | English Books |
| Classification part | 721.84 |
| Call number suffix | REN |
| Withdrawn status | Lost status | Not for loan | Collection code | Home library | Current library | Date acquired | Source of acquisition | Cost, normal purchase price | Full call number | Barcode | Copy number | Cost, replacement price | Koha item type |
|---|---|---|---|---|---|---|---|---|---|---|---|---|---|
| Not For Loan | Non-fiction | D.B.Act.Division | D.B.Act.Division | 16/08/2010 | DBAD/PUB | 650.00 | 721.84 REN | EN-83911 | 1 | 650.00 | English Books |
